[Event "Rondonia-ch"]
[White "De Sousa, Alex Aecio"]
[Black "Moura, Nilson Do Nasciment"]
[Site "Porto Velho"]
[Round "3"]
[Result "1-0"]
[Date "2024.10.19"]
[WhiteElo "1856"]
[BlackElo "1518"]
[PlyCount "79"]
[EventDate "2024.10.18"]
[EventType "swiss"]
[EventRounds "6"]
[EventCountry "BRA"]
[SourceTitle "CB44_2024"]
[Source "Chessbase"]
[SourceDate "2024.10.30"]
[SourceVersion "1"]
[SourceVersionDate "2024.10.30"]
[SourceQuality "1"]

1. c4 c5 2. g3 g6 3. Bg2 Bg7 4. Nc3 e6 5. e4 a6 6. Nge2 Ne7 7. d4 cxd4 8. Nxd4 Nbc6 9. Nc2 0-0 10. 0-0 d6 11. Qe2 Bxc3 12. bxc3 b5 13. Bh6 Re8 14. Bg5 e5 15. Bf6 h6 16. Rfd1 Na5 17. c5 Nc4 18. cxd6 Nxd6 19. Qd2 Kh7 20. Qxd6 Qxd6 21. Rxd6 Ng8 22. Rad1 Be6 23. Bd8 Bxa2 24. Ba5 Bb3 25. R1d2 Rec8 26. Ne3 Ne7 27. h4 Nc6 28. Bb4 a5 29. Ba3 b4 30. cxb4 axb4 31. Bb2 Ra2 32. Ng4 h5 33. Nxe5 Nxe5 34. Bxe5 Rc1+ 35. Kh2 Ra5 36. Bb2 Rcc5 37. Rd8 g5 38. hxg5 Rxg5 39. f4 Rgc5 40. f5 1-0